| 000 | 00854cam a2200229 4500 | ||
|---|---|---|---|
| 001 | WB3619-28 | ||
| 008 | 000000n2000 000 0 eng u | ||
| 035 | _a(Sirsi) u105979 | ||
| 245 | _aProtocol for auctioning property on the internet | ||
| 260 | _c2000 | ||
| 490 |
_aEstates Gazette _v(0019) 13 May 2000, 117(1) |
||
| 520 | _aThe RICS is seeking to harness the expertise of all auctioneers to develop a protocol for internet trading. It is determined that the difference in products should not impede the creation of best practices. | ||
| 590 | _aWB | ||
| 650 | _aE-COMMERCE | ||
| 650 | _aAUCTIONEERS | ||
| 650 | _aBEST PRACTICE | ||
| 650 | _aINTERNET-PROTOCOL | ||
| 650 | _aRICS | ||
| 650 | _aABOUT RICS-RELATED ORGANISATIONS-INCORPORATED SOCIETY OF VALUERS AND AUCTIONEERS | ||
| 690 | _aINFORMATION TECHNOLOGY-INTERNET | ||
| 942 | _n0 | ||
| 999 |
_c63461 _d63461 |
||